000 00238nam a2200097Ia 4500
005 20250424112850.0
008 250424s9999 xx 000 0 und d
300 _avii. , : ill. ; 28-30 cm.
650 _aChemistry--Periodicals.
942 _cSR
999 _c37581
_d37581